ბათუმის შოთა რუსთაველის სახელმწიფო უნივერსიტეტის ბიბლიოთეკა

ინგლისურ-ქართული იურიდიული განმარტებითი ლექსიკონი = Dictionary of law / (ბიბ.ჩანაწერი № 59480)

000 -ლიდერი
ფიქსირებული სიგრძის საკონტროლო ველი 01581nam a22002417a 4500
003 - საკონტროლო ნომრის იდენტიფიკატორი
საკონტროლო ველი Ge_BSU
005 - ბოლო ოპერაციის თარიღი და დრო
საკონტროლო ველი 20230228101040.0
008 - ფიქსირებული სიგრძის მონაცემთა ელემენტები - ზოგადი ინფორმაცია
ფიქსირებული სიგრძის საკონტროლო ველი 230228s2004 ge ||||| |||| 00| 0 geo d
020 ## - წიგნის საერთაშორისო სტანდარტული ნომერი
International Standard Book Number 9994077708
041 ## - ენის კოდი
Language code of text/sound track or separate title geo
080 ## - უნივერსალური ათობითი კლასიფიკაციის ინდექსი
Universal Decimal Classification number 34(038): 81'374.26:34=111=353.1 ქ-62
100 ## - მთავარი ჩანაწერი - პიროვნების სახელი
Personal name ქოლინი, პიტერ
9 (RLIN) 17062
245 ## - ცნობა სათაურის შესახებ
Title ინგლისურ-ქართული იურიდიული განმარტებითი ლექსიკონი = Dictionary of law /
Statement of responsibility, etc პიტერ ქოლინი ; ლადო ჭანტურიას, მარინა კვაჭაძისა და ვლადიმერ პაპავას საერთო რედ.
250 ## - გამოცემის ცნობა
Edition statement მე-2 ქართ. ჩასწ., შევს. და დამატ. გამოც.
264 ## - წარმოების, გამოცემის, დისტრიბუციის და სხვა ცნობები
გამოცემის, წარმოების, დისტრიბუციის... ადგილი თბილისი :
გამოცემის, წარმოების, დისტრიბუციის... სახელწოდება რევაზ ბერულავას გამ-ბა "იბერთედ-პრესი",
გამოცემის, წარმოების, დისტრიბუციის... თარიღი 2004.
300 ## - ფიზიკური აღწერა
Extent 664 გვ. ;
Other physical details 20 სმ.
490 ## - სერიის ცნობა
Series statement პროფესიული ლექსიკონების სერია 2004-013
653 ## - INDEX TERM--UNCONTROLLED
Uncontrolled term ინგლისურ-ქართული იურიდიული განმარტებითი ლექსიკონი
700 ## - ADDED ENTRY--PERSONAL NAME
Personal name ჭანტურია, ლადო
Relator term რედაქტორი
9 (RLIN) 17063
700 ## - ADDED ENTRY--PERSONAL NAME
Personal name კვაჭაძე, მარინა
Relator term რედაქტორი
9 (RLIN) 9368
700 ## - ADDED ENTRY--PERSONAL NAME
Personal name პაპავა, ვლადიმერ
Relator term რედაქტორი
9 (RLIN) 17064
942 ## - ADDED ENTRY ELEMENTS (KOHA)
Source of classification or shelving scheme
Koha item type წიგნი
ეგზემპლარები
ჩამოწერის სტატუსი დაკარგული ეგზემპლარის სტატუსი კლასიფიკაციის წყარო ან თაროზე გაწყობის სქემა დაზიანების სტატუსი არ გაიცემა მუდმივი მდებარეობა (დაცვის ადგილი) ამჟამინდელი ადგილსამყოფელი თაროზე განთავსების ადგილი შეძენის თარიღი ღირებულება, შესყიდვის ნორმალური ფასი სრული შენახვის შიფრი შტრიხკოდი ბოლო ოპერაციის თარიღი ეგზემპლარის მიმდევრობითი ნომერი (კეტერი?) ფასის ძალაში შესვლის თარიღი ეგზემპლარის სახეობა საჯარო შენიშვნა
          ბათუმის შოთა რუსთაველის სახელმწიფო უნივერსიტეტის მთავარი ბიბლიოთეკა ბათუმის შოთა რუსთაველის სახელმწიფო უნივერსიტეტის მთავარი ბიბლიოთეკა წიგნსაცავი 2023-02-28 15.00 34(038): 81'374.26:34=111=353.1 ქ-62 63930 2023-02-28 63930 2023-02-28 წიგნი 15 ლ.
          ბათუმის შოთა რუსთაველის სახელმწიფო უნივერსიტეტის მთავარი ბიბლიოთეკა ბათუმის შოთა რუსთაველის სახელმწიფო უნივერსიტეტის მთავარი ბიბლიოთეკა წიგნსაცავი 2023-02-28 15.00 34(038): 81'374.26:34=111=353.1 ქ-62 63931 2023-02-28 63931 2023-02-28 წიგნი 15 ლ.